000 00829nab a2200265 4500
003 BR-BrBNA
005 20250402120545.0
008 250402b bl.||||| |||| 00| 0 por d
040 _aBR-BrBNA
_bpor
072 _aF01 ; P06 ; Q60 ; J15
_b0420
100 _aAndrade, Lívia
245 _aSob o teto de bambu
_bAgrotecnologia
500 _a3 illus.
650 _aGRAMÍNEA
650 _aBAMBU
650 _aFABRICAÇÃO DE MÓVEIS
650 _aPAPEL
650 _aCELULOSE
650 _aARTESANATO
650 _aCONSTRUÇÃO RURAL
650 _aRECURSO RENOVÁVEL
773 0 _01706
_9346304
_dSão Paulo-SP Editora Três Ltda - E-mail: luizfsa@revistadinheiro.com.br 2004
_o2024-6957
_tDinheiro Rural (Brazil)
_x1807-3700
_gv. 3(21) p. 32-33; (Jul 2006)
_wBR2025000456
942 _cANA
999 _c330807
_d330807